[Event "Open"]
[Site "Kavala GRE"]
[Date "2007.08.08"]
[Round "5"]
[White "Kozhuharov,S"]
[Black "Shavtvaladze,N"]
[Result "1/2-1/2"]
[WhiteElo "2477"]
[BlackElo "2386"]

1.e4 g6 2.d4 Bg7 3.Nc3 c6 4.Nf3 d6 5.Be3 Nf6 6.Qd2 b5 7.Bd3 Nbd7 8.Bh6 Bxh6
9.Qxh6 e5 10.dxe5 dxe5 11.h3 Qe7 12.O-O Ng8 13.Qe3 Ngf6 14.Qh6 Ng8 15.Qe3 Ngf6  1/2-1/2

[Event "It"]
[Site "Kemerovo RUS"]
[Date "2007.08.11"]
[Round "9"]
[White "Pokazanjev,N"]
[Black "Skurygin,A"]
[Result "1-0"]
[WhiteElo "2443"]
[BlackElo "2319"]

1.e4 g6 2.d4 Bg7 3.Nc3 c6 4.h3 d5 5.Nf3 dxe4 6.Nxe4 Nf6 7.Nxf6+ exf6 8.Bc4 O-O
9.O-O Nd7 10.Re1 Nb6 11.Bd3 Be6 12.c3 Re8 13.Qc2 Bd5 14.Rxe8+ Qxe8 15.Nh2 Bc4
16.Bd2 Qd7 17.Re1 Re8 18.Rxe8+ Qxe8 19.b3 Bxd3 20.Qxd3 f5 21.Nf3 f6 22.c4 Bf8
23.Kf1 Qe4 24.Ne1 Kf7 25.f3 Qe6 26.Nc2 Be7 27.a4 a6 28.Ne3 Qd7 29.Ba5 Nc8
30.c5 Kg7 31.Ke2 Bf8 32.Be1 Ne7 33.Bg3 Nd5 34.Nxd5 Qxd5 35.Kd2 Kf7 36.Kc3 Be7
37.Qe3 Bf8 38.Qf4 Qd7 39.Qb8 Qe7 40.Kb4 f4 41.Qxf4 Qd7 42.Ka5 Be7 43.Kb6 Bd8+
44.Ka7 b6+ 45.Kxa6 bxc5 46.dxc5 Be7 47.Qc7 Qd3+ 48.Ka7 Qxb3 49.a5 Ke6 50.Bd6 Bxd6
51.Qxd6+ Kf5 52.Qxc6 Qf7+ 53.Qb7 Qc4 54.c6  1-0

[Event "Petrovskaya Ladya IM1"]
[Site "Peterhof RUS"]
[Date "2007.08.11"]
[Round "11"]
[White "Bocharov,L"]
[Black "Eliseev,Alexe"]
[Result "0-1"]
[WhiteElo "2229"]
[BlackElo "2421"]

1.e4 g6 2.d4 Bg7 3.Nc3 c6 4.Nf3 d6 5.h3 Nf6 6.Bd3 O-O 7.O-O d5 8.Re1 Nbd7
9.exd5 cxd5 10.Bf4 a6 11.a4 b6 12.Qd2 Re8 13.Re2 Nf8 14.Rf1 Bf5 15.g4 Bxd3
16.Qxd3 Qc8 17.Rfe1 Qb7 18.Bg3 e6 19.Ne5 N6d7 20.Qf3 f6 21.Nd3 Kf7 22.Be5 g5
23.h4 h6 24.Bg3 b5 25.Kg2 b4 26.Na2 a5 27.Nac1 Kg8 28.Nb3 Qc6 29.Ndc5 Nxc5
30.Nxc5 Ra7 31.c4 bxc3 32.Qxc3 e5 33.Ne4 Qxa4 34.Qc5 Rd7 35.Nd6 Re6 36.dxe5 fxe5
37.Nf5 gxh4 38.Nxg7 Rxg7 39.Bxh4 Qxg4+ 40.Bg3 e4 41.Qxd5 Qf3+ 42.Kg1 Rg5  0-1

[Event "Romanian Open"]
[Site "Predeal ROM"]
[Date "2007.08.14"]
[Round "4"]
[White "Netzer,Je"]
[Black "Badea,B"]
[Result "1-0"]
[WhiteElo "2383"]
[BlackElo "2488"]

1.d4 c6 2.Nc3 g6 3.e4 Bg7 4.Bc4 d6 5.Nf3 Nf6 6.e5 Nd5 7.O-O Nxc3 8.bxc3 O-O
9.Re1 Bg4 10.exd6 exd6 11.h3 Bxf3 12.Qxf3 d5 13.Bf1 Nd7 14.a4 Re8 15.Rd1 Re4
16.Be3 Qe7 17.c4 Nb6 18.c5 Nd7 19.a5 h6 20.c3 Nf6 21.Bf4 a6 22.Rab1 Ne8 23.Rb6 Rd8
24.Rdb1 Rd7 25.Bd2 Nf6 26.Qg3 Rc7 27.Qd6 Ne8 28.Qxe7 Rexe7 29.Bf4 Rcd7 30.h4 f5
31.g3 Kf7 32.Bd6 Rxd6 33.cxd6 Nxd6 34.Bxa6 bxa6 35.Rxa6 Nc4 36.Ra8 c5 37.dxc5 Bxc3
38.a6 d4 39.Rb7 d3 40.Rd8 d2 41.Rxe7+ Kxe7 42.Rxd2 Nxd2 43.a7 Ne4 44.a8=Q Bd4
45.Qb7+ Kf6 46.Qc6+ Ke5 47.Qe8+ Kd5 48.Qxg6 Bxf2+ 49.Kg2 Bxc5 50.Qxf5+ Kd4
51.Kf3 Nd2+ 52.Kg4 Ne4 53.Qf4 Bd6 54.Qxh6 Bxg3 55.Qe6 Be5 56.h5 Nc5 57.Qf7 Ne4
58.h6  1-0

[Event "Acropolis Open"]
[Site "Athens GRE"]
[Date "2007.08.15"]
[Round "2"]
[White "Seretakis,N"]
[Black "Grapsa,G"]
[Result "0-1"]
[WhiteElo "2233"]
[BlackElo "2076"]

1.e4 c6 2.d4 g6 3.Nc3 Bg7 4.Be3 d5 5.Qd2 h5 6.O-O-O Nh6 7.f3 dxe4 8.fxe4 Ng4
9.Bg5 f6 10.h3 fxg5 11.hxg4 Bxg4 12.Nf3 Qa5 13.Kb1 Nd7 14.e5 Nf8 15.Qxg5 Bh6
16.Qh4 g5 17.Qf2 O-O-O 18.Bc4 Ng6 19.d5 Rhf8 20.dxc6 Rxd1+ 21.Rxd1 bxc6 22.Qd4 Bg7
23.a3 Nxe5 24.Be2 Qb6 25.Qxb6 axb6 26.Ba6+ Kc7 27.Be2 Nxf3 28.gxf3 Bxf3 29.Bxf3 Rxf3
30.Ne4 Bf6 31.Rh1 h4 32.Kc1 g4 33.Kd1 h3 34.Ke2 Bh4 35.b3 Kd7 36.Rg1 h2 37.Rh1 Rh3
38.Kf1 Ke6 39.Kg2 Ke5 40.Nd2 Kd4 41.Nf1 Rc3 42.Rxh2 Rxc2+ 43.Kg1 Rxh2 44.Nxh2 Kc3
45.Nxg4 Kxb3 46.Ne5 c5 47.Nd7 c4 48.Nxb6 c3  0-1

[Event "RC Sport Open"]
[Site "Ceska Trebova CZE"]
[Date "2007.08.15"]
[Round "7"]
[White "Smith,Ax"]
[Black "Sabol,M"]
[Result "1/2-1/2"]
[WhiteElo "2284"]
[BlackElo "2285"]

1.e4 g6 2.d4 Bg7 3.Nc3 c6 4.f4 d5 5.e5 h5 6.Nf3 Nh6 7.Be3 b6 8.Bf2 Na6 9.e6 Nc7
10.exf7+ Nxf7 11.Bd3 Bf5 12.Nh4 Qd6 13.Nxf5 gxf5 14.Bxf5 Qxf4 15.Bg6 O-O-O
16.Bxh5 Kb7 17.Qf3 Qxf3 18.Bxf3 e5 19.Ne2 Ng5 20.Bg4 Ne4 21.c3 Nxf2 22.Kxf2 Rhf8+
23.Ke1 Nb5 24.dxe5 Bxe5 25.Bf3 d4 26.cxd4 Bxd4 27.Rc1 Bc5 28.a3 a5 29.h4 Nd6
30.h5 Nf7 31.Bxc6+ Kxc6 32.b4 axb4 33.axb4 Ne5 34.bxc5 Nd3+ 35.Kd2 Nxc1+
36.Kxc1 bxc5 37.h6 Rh8 38.Nc3 Rd3 39.Ne4 Rd4 40.Rh4 Kd5 41.Nf6+ Ke6 42.Ng4 Kf5
43.Ne3+ Kf6 44.Rh5 Re4 45.Kd2 Rd8+ 46.Ke2 Rde8 47.h7 Kg7 48.h8=Q+ Rxh8 49.Rxc5 Rhe8  1/2-1/2

[Event "Acropolis Open"]
[Site "Athens GRE"]
[Date "2007.08.16"]
[Round "3"]
[White "Dembo,Y"]
[Black "Svetushkin,D"]
[Result "1/2-1/2"]
[WhiteElo "2464"]
[BlackElo "2618"]

1.e4 g6 2.d4 Bg7 3.Nc3 c6 4.Be3 d5 5.Qd2 dxe4 6.Nxe4 Nd7 7.Bc4 Ndf6 8.Nxf6+ Nxf6
9.O-O-O Nd5 10.Nf3 Bg4 11.Be2 Qd6 12.Kb1 O-O 13.h4 Nxe3 14.fxe3 Bxf3 15.gxf3 e5
16.h5 Rfd8 17.hxg6 hxg6 18.c3 exd4 19.cxd4 c5 20.d5 b5 21.f4 c4 22.e4 c3
23.bxc3 b4 24.e5 bxc3 25.exd6 cxd2 26.Kc2 Rxd6 27.Bc4 Re8 28.Kd3 Rf6 29.Rh4 Kf8
30.Rxd2 Re1 31.Bb3 Rf1 32.Rc2 Kg8 33.Ke4 Bf8 34.Bc4 Re1+ 35.Re2 Rc1 36.Bb3 Rb6
37.Kf3 Bd6 38.Re4 Rc3+ 39.Kg2 Rb7 40.Rh3 Rc1 41.Rh1 Rc5 42.Rf1 Kg7 43.f5 g5
44.Re8 Kf6 45.Rd8 Rb6 46.Rd7 Rc7 47.Rd8 Bf4 48.Rf2 Rd6 49.Rxd6+ Bxd6 50.Rc2 Rd7
51.Rc8 Kxf5 52.Bc2+ Ke5 53.Re8+ Re7 54.Rd8 Rc7 55.Re8+ Kf6 56.Bb3 Re7 57.Rd8 Ke5
58.Bc2 Bc7 59.Rf8 a5 60.Kf3 Kf6 61.Ra8 Re1 62.Ra6+ Ke5 63.d6 Rc1 64.Bb3 Rc3+
65.Kg4 Bxd6 66.Bxf7  1/2-1/2

[Event "Acropolis Open"]
[Site "Athens GRE"]
[Date "2007.08.16"]
[Round "3"]
[White "Can,E"]
[Black "Petritaj,Fo"]
[Result "0-1"]
[WhiteElo "2411"]
[BlackElo "2250"]

1.e4 c6 2.d4 g6 3.Nc3 Bg7 4.f4 d5 5.e5 h5 6.Nf3 Nh6 7.Be3 Qb6 8.Na4 Qa5+
9.c3 Bf5 10.Nh4 Bg4 11.Qb3 Qc7 12.h3 Bf5 13.Nc5 b6 14.Nd3 Nd7 15.Be2 e6 16.Nxf5 Nxf5
17.Bf2 c5 18.c4 Rc8 19.dxc5 bxc5 20.O-O O-O 21.Rac1 d4 22.Bf3 f6 23.exf6 Bxf6
24.Rfe1 e5 25.fxe5 Nxe5 26.Bd5+ Kh7 27.Nf4 Ng7 28.Bg3 Qb6 29.Qc2 Bg5 30.Rxe5 Bxf4
31.Bxf4 Rxf4 32.Rce1 Rcf8 33.Qe2 Qf6 34.Bf3 Qh4 35.Re7 R8f5 36.Bd5 Qf6 37.Rxa7 Rf2
38.Qd3 h4 39.Rf7 Qg5 40.Rxf5 Rxf5 41.b4 Nh5 42.Be4 Nf4 43.Qf3 Rf6 44.b5 Re6
45.Rf1 Rf6 46.Rb1 Qg3 47.Kh1 d3 48.Qxg3 hxg3 49.b6 d2 50.Bf3 Re6 51.Rf1 Re1
52.Kg1 Ne2+ 53.Bxe2 Rxe2  0-1

[Event "RC Sport Open"]
[Site "Ceska Trebova CZE"]
[Date "2007.08.17"]
[Round "9"]
[White "Kuchynka,Luk"]
[Black "Sabol,M"]
[Result "1/2-1/2"]
[WhiteElo "2180"]
[BlackElo "2285"]

1.e4 g6 2.d4 Bg7 3.Nc3 c6 4.Nf3 d5 5.h3 Nf6 6.e5 Nfd7 7.Be3 Nf8 8.Qd2 h5
9.O-O-O b6 10.Nh4 Ba6 11.Bxa6 Nxa6 12.g4 Qd7 13.Qe2 Nc7 14.f4 O-O-O 15.f5 hxg4
16.hxg4 gxf5 17.gxf5 Bh6 18.Bxh6 Rxh6 19.Qe3 Rh7 20.Ne2 Kb7 21.Qf4 c5 22.Kb1 Qb5
23.Nc3 Qc4 24.Nf3 Rxh1 25.Rxh1 e6 26.Nd2 Qxd4 27.Qxd4 cxd4 28.Ne2 exf5 29.Rf1 Re8
30.Rxf5 f6 31.Rxf6 Rxe5 32.Nc1 Nd7 33.Rf7 Nc5 34.a3 Re1 35.Rf1 Re3 36.b4 N5e6
37.Ndb3 Kc6 38.Kb2 Kd6 39.Rf6 Nb5 40.Nd3 Ke7 41.Rh6 a6 42.a4 Nd6 43.Rh7+ Kf6
44.Rh5 Nc4+ 45.Kb1 Re2 46.a5 bxa5 47.bxa5 Na3+ 48.Kb2 Kg6 49.Rxd5 Nxc2 50.Nbc1 Nb4+
51.Nxe2 Nxd5 52.Kb3  1/2-1/2

[Event "Open A"]
[Site "Polanica Zdroj POL"]
[Date "2007.08.18"]
[Round "2"]
[White "Chlost,M"]
[Black "Sopur,L"]
[Result "1/2-1/2"]
[WhiteElo "2120"]
[BlackElo "2389"]

1.e4 g6 2.d4 Bg7 3.Nc3 c6 4.Bc4 b5 5.Bb3 b4 6.Nce2 d5 7.exd5 cxd5 8.a3 bxa3
9.Rxa3 Nf6 10.Nf3 O-O 11.O-O Nc6 12.Ne5 Bb7 13.Nf4 e6 14.Nxc6 Bxc6 15.Re1 Qb6
16.c3 Rfb8 17.Nd3 Bf8 18.Nc5 Bxc5 19.dxc5 Qxc5 20.Be3 Qb5 21.Bd4 Ne8 22.Qg4 Bd7
23.Qf4 Qc6 24.Ba4 Qb7 25.b4 Bxa4 26.Rxa4 Qc7 27.Qe3 Rb7 28.h4 Ng7 29.g4 Re8
30.Ra5 Qd7 31.Qf4 f5 32.g5 Re7 33.Qe5 Qc7 34.Rea1 Qxe5 35.Bxe5 Ne8 36.f4 Kf7
37.Kf2 Red7 38.Ra6 Ke7 39.Ke3 Nc7 40.Bf6+ Ke8 41.Rxa7 d4+ 42.Bxd4 Nd5+ 43.Kf3 Rxa7
44.Bxa7 Nxc3 45.Bc5 Rd3+ 46.Kf2 Nd5 47.Ra7 Nxf4 48.Rxh7 Rd5 49.Rg7 Rd7 50.Rg8+ Kf7
51.Rf8+ Kg7 52.Re8 e5 53.Re7+ Rxe7 54.Bxe7 Kf7 55.Bf6 Ke6 56.b5 Nd5 57.Bd8 Kd7
58.Ba5 e4 59.h5 gxh5 60.g6 Ke6 61.b6 Nxb6 62.Bxb6 Kf6 63.Kg3 Kxg6 64.Bf2 Kg5
65.Be3+ Kf6 66.Kf4 h4 67.Bf2 h3 68.Bg3 Ke6 69.Bh2 Kd5 70.Ke3 Kc4 71.Be5 Kb3
72.Bf4 Kc2 73.Ke2 Kc3 74.Ke3 Kc4 75.Be5  1/2-1/2

[Event "Romanian Open"]
[Site "Predeal ROM"]
[Date "2007.08.18"]
[Round "9"]
[White "Soltanici,R"]
[Black "Onischuk,V"]
[Result "1/2-1/2"]
[WhiteElo "2358"]
[BlackElo "2506"]

1.e4 g6 2.d4 Bg7 3.Nc3 c6 4.Bc4 d6 5.Nf3 Nf6 6.Bb3 O-O 7.h3 Nfd7 8.Bg5 h6
9.Be3 c5 10.Qd2 Kh7 11.h4 Nc6 12.O-O-O cxd4 13.Nxd4 Nc5 14.Kb1 Bd7 15.h5 g5
16.f3 Rc8 17.g3 Nxb3 18.axb3 Nb4 19.Nd5 Nxd5 20.exd5 Kg8 21.Qd3 Qa5 22.Nf5 Bxf5
23.Qxf5 Qb4 24.f4 gxf4 25.Bxf4 Qb5 26.Qd3 Qxd3 27.Rxd3 Kh7 28.Be3 a6 29.Bd4 Rg8
30.Bxg7 Kxg7 31.Re1 Kf8 32.Re4 Rg5 33.g4 f6 34.c4 Kf7 35.Rf4 Ke8 36.Kc2 Kd7
37.Kc3 Rcg8 38.Rdd4 Rf8 39.Rd2 Re5 40.b4 Rg8 41.b3 Rgg5 42.Rd3 Re1 43.Rdd4 Rge5
44.Rd3 Rg1 45.Rd2 Rg5 46.Rdd4 Rg3+ 47.Kb2 Re5 48.Rde4 Rg5 49.Rd4 Re3 50.Rde4 Rxe4
51.Rxe4 f5 52.gxf5 Rxf5 53.Rh4 Rf3 54.Rh1 Rg3 55.Ka3 Rg5 56.Kb2 e6 57.dxe6+ Kxe6
58.Rh3 d5 59.Kc3 Kd6 60.Kd4 Rg4+ 61.Kd3 Rg5 62.Kd4 dxc4 63.bxc4 Rg4+ 64.Kc3 Kc7
65.Rf3 Rg5 66.Rh3 Kc6 67.Kd4 Rg4+ 68.Kc3 b5 69.c5 a5 70.bxa5 Kxc5 71.Rf3 b4+
72.Kb3 Rh4 73.a6 Kb6 74.Rf6+ Ka7 75.Rxh6 Rf4 76.Rg6 Re4 77.h6 Rf4 78.Ka4 Rh4
79.Rf6 Ka8 80.Kb3 Ka7 81.Rg6 Ka8 82.Ka4 Ka7 83.Re6 Ka8 84.Ka5 b3 85.Re8+ Ka7
86.Re7+ Ka8 87.Re8+ Ka7  1/2-1/2

[Event "Dato Arthur Tan Malaysian Op"]
[Site "Kuala Lumpur MAS"]
[Date "2007.08.20"]
[Round "2"]
[White "Legaspi,R"]
[Black "Rahman,Zia"]
[Result "1/2-1/2"]
[WhiteElo "2316"]
[BlackElo "2522"]

1.e4 g6 2.d4 Bg7 3.Nc3 c6 4.h4 h6 5.h5 g5 6.Bc4 d5 7.exd5 b5 8.Bb3 b4 9.Nce2 cxd5
10.Nf3 Nc6 11.Ng3 Bg4 12.Be3 e6 13.Qd3 Bxf3 14.gxf3 Nge7 15.Ne2 Rc8 16.O-O-O Nf5
17.Rhg1 Kf8 18.Kb1 Bf6 19.Rg4 Na5 20.Bd2 Be7 21.f4 Nc4 22.Bc1 a5 23.Rdg1 Nb6
24.c3 a4 25.Bc2 bxc3 26.Nxc3 Rc4 27.fxg5 hxg5 28.Bxg5 Bxg5 29.Rxg5 Rxd4 30.Qe2 Nc4
31.Bxf5 Rd2 32.Qg4 Rxb2+ 33.Kc1 Qf6 34.Rg3 Rxf2 35.Bxe6 fxe6 36.Rg8+ Rxg8
37.Qxg8+ Ke7 38.Nxd5+ exd5 39.Rg7+ Kd6 40.Rg6 Rf1+  1/2-1/2

[Event "Dato Arthur Tan Malaysian Op"]
[Site "Kuala Lumpur MAS"]
[Date "2007.08.22"]
[Round "5"]
[White "Chandler,M"]
[Black "Mok Tze Meng"]
[Result "1-0"]
[WhiteElo "2540"]
[BlackElo "2346"]

1.e4 g6 2.d4 Bg7 3.Nc3 c6 4.Nf3 d5 5.h3 Nf6 6.e5 Ne4 7.Nxe4 dxe4 8.Ng5 c5
9.Bc4 O-O 10.c3 cxd4 11.cxd4 Nc6 12.Be3 b5 13.Bb3 Bb7 14.h4 h6 15.h5  1-0

[Event "Open A"]
[Site "Polanica Zdroj POL"]
[Date "2007.08.23"]
[Round "7"]
[White "Kocwin,B"]
[Black "Wieczorek,Z"]
[Result "1/2-1/2"]
[WhiteElo "2204"]
[BlackElo "2301"]

1.e4 g6 2.d4 Bg7 3.Nc3 c6 4.Be3 d5 5.Qd2 dxe4 6.Nxe4 Nd7 7.Bc4 Nb6 8.Bb3 Nd5
9.Nf3 Ngf6 10.Nxf6+ exf6 11.O-O-O b5 12.Bh6 O-O 13.h4 Bg4 14.Bxg7 Kxg7 15.h5 g5
16.h6+ Kh8 17.Rde1 Qd6 18.Nh2 Bf5 19.g3 a5 20.c3 a4 21.Bc2 Bxc2 22.Qxc2 b4
23.c4 b3 24.axb3 Nb4 25.Qe4 axb3 26.c5 Qd8 27.Nf3 Nd5 28.Nd2 Ra1+ 29.Nb1 Qa5
30.Re2 Qa4 31.Rhe1 Qc4+ 32.Kd2 Ra2 33.Kd1 Ra4 34.Rd2 Ra1 35.Ree2 Nb4 36.Qf5 Kg8
37.Ke1 Qd5 38.Re5 Qh1+ 39.Ke2 Qh5+ 40.g4 Qg6 41.Re3 Qxf5 42.gxf5 Rxb1 43.Rxb3 Nd5
44.Rd1 Rxd1 45.Kxd1 Ne7 46.Rb6 Rd8 47.Kc2 Nxf5 48.d5 cxd5 49.Rxf6 Nd4+ 50.Kc3 Ne6
51.b4 d4+ 52.Kd3 Nf4+ 53.Kd2 Nd5 54.Rf5 Nxb4 55.Rxg5+ Kf8 56.Rg7 Ra8 57.Rxh7 Ra2+
58.Kd1 Ra1+ 59.Kd2 Ra2+  1/2-1/2

[Event "Open A"]
[Site "Polanica Zdroj POL"]
[Date "2007.08.24"]
[Round "8"]
[White "Butkiewicz,L"]
[Black "Mucha,R"]
[Result "1-0"]
[WhiteElo "2269"]
[BlackElo "2088"]

1.e4 g6 2.d4 Bg7 3.Nc3 c6 4.f4 d5 5.e5 h5 6.Be3 Nh6 7.Nf3 Bg4 8.h3 Nf5 9.Bf2 Bxf3
10.Qxf3 h4 11.Bd3 e6 12.Ne2 Nd7 13.O-O Bf8 14.b3 Be7 15.c4 Ng7 16.Rac1 O-O
17.Rc2 Rc8 18.Rb1 Nb6 19.c5 Nd7 20.b4 b6 21.a4 Nb8 22.b5 Nf5 23.Rbc1 bxc5
24.dxc5 Qa5 25.Bxf5 exf5 26.Qb3 Rfd8 27.Nd4  1-0

[Event "Dato Arthur Tan Malaysian Op"]
[Site "Kuala Lumpur MAS"]
[Date "2007.08.25"]
[Round "9"]
[White "Kojima,S"]
[Black "Mok Tze Meng"]
[Result "1/2-1/2"]
[WhiteElo "2156"]
[BlackElo "2346"]

1.e4 g6 2.d4 Bg7 3.Nc3 c6 4.Nf3 d5 5.h3 Nh6 6.Bd3 f6 7.O-O O-O 8.Qe2 Nf7
9.Be3 e5 10.Rad1 Be6 11.dxe5 fxe5 12.Bc4 dxc4 13.Rxd8 Rxd8 14.Ng5 Nxg5 15.Bxg5 Re8
16.Rd1 Nd7 17.a4 a5 18.Rd2 Nc5 19.Qe3 Bf8 20.h4 Bf7 21.Bh6 Be7 22.Bg5 Bf8
23.Bh6 Be7 24.Bg5  1/2-1/2

[Event "Open A"]
[Site "Polanica Zdroj POL"]
[Date "2007.08.26"]
[Round "10"]
[White "Butkiewicz,L"]
[Black "Sopur,L"]
[Result "1-0"]
[WhiteElo "2269"]
[BlackElo "2389"]

1.e4 g6 2.d4 Bg7 3.Nc3 c6 4.f4 d5 5.e5 h5 6.Be3 Nh6 7.Nf3 Bg4 8.h3 Bxf3 9.Qxf3 Nf5
10.Bf2 h4 11.Bd3 e6 12.Ne2 Nd7 13.O-O b5 14.c3 Bf8 15.b3 Rb8 16.a4 b4 17.c4 Be7
18.Rac1 a5 19.Rc2 Nb6 20.Rfc1 Kf8 21.cxd5 cxd5 22.Rc7 Ng7 23.Bb5 Rc8 24.Rxc8 Nxc8
25.Qd3 Na7 26.Qc2 Qb6 27.Qc7 Bd8 28.Qd7 Nf5 29.Bd3 Ne7 30.Bb5 Kg7 31.Kh1 Qb8
32.Ba6 Kf8 33.Ng1 Qb6 34.Bb5 Nf5 35.Nf3 Kg7 36.Bd3 Ng3+ 37.Bxg3 hxg3 38.Rc5 Rh5
39.Kg1 Qb8 40.Kf1 Bb6 41.Rc2 Rh8 42.Qe7 Qd8 43.Qb7 Rh4 44.Nxh4 Qxh4 45.Qxb6 Qxf4+
46.Ke1 Qe3+ 47.Be2 Qxb3 48.Kd2 Qa3 49.Qxa7 b3 50.Rc7 Kh6 51.Qc5  1-0

[Event "4th LGA Premium Cup"]
[Site "Nuernberg GER"]
[Date "2007.09.07"]
[Round "2"]
[White "Wagner,Fl"]
[Black "Chernov,Va"]
[Result "0-1"]
[WhiteElo "2130"]
[BlackElo "2494"]

1.e4 g6 2.d4 Bg7 3.Nc3 c6 4.Bc4 d6 5.Qf3 e6 6.Nge2 Nd7 7.Be3 b5 8.Bb3 a5
9.a3 Ba6 10.d5 cxd5 11.exd5 e5 12.Ne4 Qe7 13.g4 Ngf6 14.N2g3 h6 15.h4 Nxe4
16.Nxe4 O-O 17.g5 h5 18.Qg3 Rfc8 19.c3 b4 20.axb4 axb4 21.Kd2 bxc3+ 22.bxc3 Rcb8
23.Ra3 Rxb3 24.Rxb3 Bc4 25.Rb2 Bxd5 26.f3 Be6 27.Qf2 d5 28.Bc5 Qd8 29.Nd6 d4
30.Bb4 Nb6 31.cxd4 exd4 32.Rc1 Nd5 33.Bc5 Qa5+ 34.Kd3 Qa6+ 35.Kd2 Nf4 36.Qf1 d3
37.Rb6 Qa2+ 38.Ke3 Be5 39.Rcb1 Rd8 40.Rb8 Ng2+ 41.Qxg2 Qxg2 42.Rxd8+ Kh7
43.Ke4 Qe2+ 44.Be3 Bxd6 45.Rxd6 Bf5+ 46.Kd4 d2  0-1

[Event "Open"]
[Site "Liverpool ENG"]
[Date "2007.09.08"]
[Round "8"]
[White "Jowett,P"]
[Black "Sebenik,M"]
[Result "0-1"]
[WhiteElo "2196"]
[BlackElo "2465"]

1.e4 g6 2.d4 Bg7 3.Nc3 c6 4.Nf3 d5 5.h3 Nh6 6.Bf4 f6 7.exd5 cxd5 8.Bb5+ Nc6
9.Qe2 Nf7 10.O-O O-O 11.Bxc6 bxc6 12.Rfd1 Re8 13.Na4 e5 14.Be3 e4 15.Nd2 f5
16.f4 exf3 17.Qxf3 g5 18.Re1 Nd6 19.g4 Rb8 20.Rad1 fxg4 21.hxg4 Rb4 22.b3 Bxd4
23.c4 Rxe3 24.Rxe3 dxc4 25.Ne4 Nxe4 26.Qxe4 Bxe3+ 27.Kg2 Qxd1 28.Qe8+ Kg7
29.Qe7+ Kg6 30.Qe8+ Kf6 31.Qf8+ Ke5 32.Qg7+ Kd6  0-1

[Event "TCh-FIN 2007-8"]
[Site "Finland FIN"]
[Date "2007.09.15"]
[Round "1"]
[White "Paakkonen,T"]
[Black "Linnanen,L"]
[Result "1-0"]
[WhiteElo "2261"]
[BlackElo "2190"]

1.e4 c6 2.d4 g6 3.Nc3 Bg7 4.Be3 d6 5.Qd2 Nd7 6.a4 Qa5 7.Nf3 Ngf6 8.h3 b5
9.Bd3 b4 10.Ne2 Rb8 11.O-O Ba6 12.Rfe1 O-O 13.Ng3 Bxd3 14.Qxd3 Nh5 15.Nxh5 Qxh5
16.Qa6 c5 17.Qxa7 Rfd8 18.c3 d5 19.Bf4 Ra8 20.Qb7 dxe4 21.Qxe4 e6 22.Qb7 bxc3
23.bxc3 Qf5 24.Bc7 Rdc8 25.a5 cxd4 26.cxd4 Nc5 27.dxc5 Bxa1 28.Rxa1 Qxc5
29.Bb6 Qb5 30.Rd1 Qb2 31.Qe4 Qc2 32.Rd8+  1-0

[Event "17th ch-EU U16 Girls"]
[Site "Sibenik CRO"]
[Date "2007.09.19"]
[Round "6"]
[White "Hitter,G"]
[Black "Remy,Ja"]
[Result "1-0"]
[WhiteElo "2083"]
[BlackElo "1927"]

1.e4 g6 2.d4 Bg7 3.Nc3 c6 4.f4 d5 5.e5 h5 6.Nf3 Bg4 7.h3 Bxf3 8.Qxf3 e6 9.Be3 h4
10.Bd3 Nh6 11.O-O Nd7 12.Ne2 Nf5 13.Bf2 Qe7 14.b3 O-O-O 15.c4 Rdf8 16.Rfc1 Kb8
17.a3 f6 18.exf6 Bxf6 19.b4 Qg7 20.Bxf5 gxf5 21.b5 c5 22.cxd5 cxd4 23.dxe6 Nb6
24.Rab1 Rhg8 25.Rd1 Rd8 26.Rd3 Rd6 27.Rbd1 Rxe6 28.Nxd4 Bxd4 29.Bxd4 Qe7
30.Bxb6 Rxb6 31.a4 Re6 32.Rd7 Qc5+ 33.Kh1 Re4 34.Qd3 Rg3 35.Rd8+ Kc7 36.Rc8+  1-0

[Event "GM"]
[Site "Corfu GRE"]
[Date "2007.10.05"]
[Round "5"]
[White "Shavtvaladze,N"]
[Black "Khetsuriani,B"]
[Result "1-0"]
[WhiteElo "2408"]
[BlackElo "2337"]

1.e4 g6 2.d4 Bg7 3.Nc3 c6 4.f4 Qb6 5.Nf3 d6 6.h3 Nd7 7.Bc4 e5 8.dxe5 dxe5
9.Qd6 Qc5 10.Qxc5 Nxc5 11.Nxe5 Be6 12.Bxe6 Nxe6 13.Be3 Nf6 14.Nd3 Nh5 15.Ne2 Nf6
16.Nc3 Nh5 17.Kf2 Bxc3 18.bxc3 Nf6 19.Kf3 O-O 20.a4 b6 21.a5 c5 22.Rhb1 Rfb8
23.axb6 axb6 24.f5  1-0

[Event "Open"]
[Site "Winterthur SUI"]
[Date "2007.10.08"]
[Round "4"]
[White "Leutwyler,M"]
[Black "Zozulia,A"]
[Result "1-0"]
[WhiteElo "2196"]
[BlackElo "2347"]

1.d4 g6 2.e4 Bg7 3.Nc3 c6 4.Nf3 d6 5.a4 Bg4 6.Be3 Nd7 7.h3 Bxf3 8.Qxf3 Qb6
9.Bc4 Ngf6 10.Bb3 O-O 11.O-O Qa5 12.Qe2 e5 13.dxe5 dxe5 14.Rfd1 Nc5 15.Qc4 Ne6
16.g3 Rad8 17.Ne2 Nd7 18.Bd2 Qc7 19.c3 Nb6 20.Qb4 c5 21.Qb5 a6 22.Qa5 c4
23.Ba2 Rxd2 24.Rxd2 Nc5 25.Rad1 Nxe4 26.Rd7 Qc6 27.Rd8 Qf6 28.f3 Rxd8 29.Rxd8+ Qxd8
30.fxe4 Bh6 31.Qxe5 Be3+ 32.Kg2 Qd1 33.Kf3 Bc1 34.Qe8+ Kg7 35.Qe5+ Kg8 36.Qe8+ Kg7
37.Qe5+ Kh6 38.Kf2 Bd2 39.Qd4 Nd7 40.Bxc4 Qe1+ 41.Kg2 Nb8 42.e5 Nc6 43.Qh4+ Kg7
44.Qf6+ Kh6 45.Qxf7 Qb1 46.Qf8+ Kg5 47.h4+ Kh5 48.Nf4+  1-0

[Event "3rd Arctic Cup"]
[Site "Salekhard RUS"]
[Date "2007.10.10"]
[Round "3"]
[White "Shcherbin,M"]
[Black "Kopylov,Al2"]
[Result "1/2-1/2"]
[WhiteElo "2229"]
[BlackElo "2328"]

1.e4 g6 2.d4 Bg7 3.Nc3 c6 4.Bc4 d5 5.exd5 b5 6.Bb3 b4 7.Nce2 cxd5 8.Bd2 Nf6
9.Bxb4 O-O 10.c3 Na6 11.Ba3 Nc7 12.Nf3 Nb5 13.Bc5 Ne4 14.O-O Nxc5 15.dxc5 Nc7
16.Nf4 e6 17.Nd3 Ba6 18.Ba4 Qe7 19.c6 Rad8 20.Qc2 e5 21.Rfe1 e4 22.Nb4 Bc8
23.Qd2 Kh8 24.Nd4 f5 25.f4 g5 26.g3 gxf4 27.gxf4 Bh6 28.Kh1 a5 29.Nbc2 Qh4
30.Rf1 Ba6 31.Qf2 Qf6 32.Rg1 Qd6 33.Ne3 Bxf4 34.Nexf5 Qe5 35.Rg4 Rxf5 36.Nxf5 Ne6
37.c7 Rf8 38.Ne3 Nxc7 39.Rag1 Bc8 40.Rg5 Qf6 41.Rh5 Be6 42.Bd1 Qe7 43.Qd2 Qc5  1/2-1/2

[Event "3rd Arctic Cup"]
[Site "Salekhard RUS"]
[Date "2007.10.16"]
[Round "9"]
[White "Hrabusa,M"]
[Black "Kopylov,Al2"]
[Result "0-1"]
[WhiteElo "2304"]
[BlackElo "2328"]

1.e4 g6 2.d4 c6 3.Nc3 Bg7 4.Be3 d5 5.h3 Qb6 6.exd5 Qxb2 7.Nge2 Nf6 8.Rb1 Qa3
9.dxc6 bxc6 10.g3 O-O 11.Bg2 Ba6 12.Rb3 Qa5 13.O-O Bc4 14.Rb2 Nd5 15.Nxd5 cxd5
16.Re1 Nc6 17.Nf4 e6 18.Bd2 Qa3 19.Rb7 Rab8 20.Rxb8 Rxb8 21.Qg4 Nxd4 22.Re3 Qxa2
23.Bc3 Qxc2 24.Nxg6 hxg6 25.Bxd4 Rb1+ 26.Kh2 Qc1 27.h4 Qg1+ 28.Kh3 Bf1  0-1

[Event "3rd Arctic Cup"]
[Site "Salekhard RUS"]
[Date "2007.10.18"]
[Round "11"]
[White "Korjakin,A"]
[Black "Kopylov,Al2"]
[Result "0-1"]
[WhiteElo "2196"]
[BlackElo "2328"]

1.e4 g6 2.d4 Bg7 3.Nc3 c6 4.Be3 d5 5.f3 Qb6 6.Qd2 Qxb2 7.Rb1 Qa3 8.exd5 Nf6
9.dxc6 bxc6 10.Bc4 Nbd7 11.Nge2 Nb6 12.Bb3 O-O 13.O-O Ba6 14.Bh6 Nc4 15.Qg5 Qa5
16.Qxa5 Nxa5 17.Bxg7 Kxg7 18.Rfe1 Rfd8 19.Ne4 Nxe4 20.fxe4 Bxe2 21.Rxe2 Rxd4
22.Rf1 e6 23.Kf2 c5 24.Ke3 Rad8 25.g4 Nc6 26.Kf4 a5  0-1

[Event "TCh-ROU Superliga"]
[Site "Predeal ROU"]
[Date "2007.10.20"]
[Round "8"]
[White "Burnoiu,N1"]
[Black "Nanu,C"]
[Result "1/2-1/2"]
[WhiteElo "2385"]
[BlackElo "2526"]

1.e4 g6 2.d4 Bg7 3.Nc3 c6 4.Nf3 d6 5.a4 Nf6 6.h3 O-O 7.Be2 d5 8.exd5 cxd5
9.O-O Nc6 10.Bf4 Ne4 11.Ra3 Bf5 12.Ne5 Nxc3 13.Rxc3 Qb6 14.g4 Be6 15.Nxc6 bxc6
16.b3 Bxd4 17.a5 Qb4 18.Rxc6 Bg7 19.Qd2 Qxd2 20.Bxd2 Rfc8 21.Rxc8+ Rxc8 22.Bd3 h5
23.Re1  1/2-1/2

[Event "ch-ISL Rapid"]
[Site "Reykjavik ISL"]
[Date "2007.10.20"]
[Round "5.2"]
[White "Bergsson,Sn"]
[Black "Thorfinnsson,Br"]
[Result "0-1"]
[WhiteElo "2298"]
[BlackElo "2404"]

1.e4 g6 2.d4 c6 3.Nc3 Bg7 4.Be3 d5 5.e5 Nh6 6.h3 Nf5 7.Nf3 Nxe3 8.fxe3 Qb6
9.Na4 Qa5+ 10.c3 f6 11.exf6 exf6 12.Bd3 O-O 13.O-O Re8 14.Re1 f5 15.c4 Qd8
16.Rc1 dxc4 17.Bxc4+ Kh8 18.Nc5 b6 19.Nd3 Nd7 20.Bf7 Rf8 21.Bb3 Bb7 22.Nf4 Qe7
23.Ne6 Rf6 24.d5 Nc5 25.d6 Qe8 26.Nc7 Qf8 27.Ng5 Rd8 28.Nce6 Nxe6 29.Nxe6 Rxe6
30.Bxe6 Rxd6 31.Qb3 Qe7 32.Bc4 c5 33.Rcd1 Qe4 34.Bf1 Bd5 35.Qb5 h5 36.Rd2 Bc4
37.Rxd6 Bxb5 38.Bxb5 Qb4  0-1

[Event "7th Rohde Open"]
[Site "Sautron FRA"]
[Date "2007.10.27"]
[Round "1"]
[White "Bruned,B"]
[Black "Abbasov,F"]
[Result "0-1"]
[WhiteElo "2214"]
[BlackElo "2505"]

1.e4 g6 2.d4 Bg7 3.Nc3 c6 4.Nf3 d6 5.a4 Nd7 6.Be2 Qc7 7.O-O Ngf6 8.Be3 O-O
9.Nd2 e5 10.dxe5 dxe5 11.Nc4 Rd8 12.Qd6 Ne8 13.Qxc7 Nxc7 14.Nd6 Ne6 15.Bc4 Nb6
16.Bxe6 Rxd6 17.Bxc8 Rxc8 18.b3 Rc7 19.Rfd1 Bf8 20.a5 Nc8 21.Rxd6 Bxd6 22.Rd1 Be7
23.Na4 f6 24.f4 Kf7 25.fxe5 fxe5 26.Nc5 Bxc5 27.Bxc5 b6 28.axb6 axb6 29.Bb4 Ke6
30.Rd8 c5 31.Bc3 Nd6 32.Ra8 Rd7 33.Rb8 Nxe4 34.Rxb6+ Kf5 35.Be1 Kf4 36.Re6 Rd1
37.Kf1 Rc1 38.c4 Kf5 39.Re7 Nd2+ 40.Ke2 Nxb3 41.Bg3 Rxc4 42.Rxe5+ Kf6 43.Kd3 Rc1
44.Re4 Rg1 45.Kc3 Nd4 46.Kc4 Rxg2 47.Kxc5 Ne6+ 48.Kd5 Rd2+ 49.Kc4 h5 50.Kc3 Rg2
51.Re3 Ng5 52.Kd4 Kf5 53.h4 Ne6+ 54.Kc4 Nf4 55.Ra3 Kg4 56.Be1 Re2 57.Rg3+ Kxh4
58.Rg1+ Kh3 59.Rg3+ Kh2 60.Rf3 Rxe1 61.Rxf4 Kg3 62.Rf6 g5  0-1

[Event "22nd GP Open A"]
[Site "Le Touquet FRA"]
[Date "2007.10.29"]
[Round "4"]
[White "Jactel,N"]
[Black "Pytel,K"]
[Result "0-1"]
[WhiteElo "2126"]
[BlackElo "2410"]

1.d4 g6 2.e4 Bg7 3.Nc3 c6 4.Nf3 d5 5.h3 Nh6 6.Bf4 dxe4 7.Nxe4 Nf5 8.c3 O-O
9.Bd3 Nd6 10.Ng3 Nd7 11.O-O c5 12.Ne4 Nxe4 13.Bxe4 cxd4 14.cxd4 Nf6 15.Bd3 Be6
16.Qa4 a6 17.Rac1 Nd5 18.Be3 Qd6 19.Ng5 Nxe3 20.Nxe6 Nxf1 21.Nxf8 Qh2+ 22.Kxf1 Qh1+
23.Ke2 Qxc1  0-1